Proceso de reducción directa de minerales de hierro

Gespeichert in:
Bibliographische Detailangaben
1. Verfasser: Bermúdez D, Carlos
Weitere Verfasser: Montero Z, Fernando
Format: Unbekannt
Veröffentlicht: [San José, Costa Rica] 1978
Tags: Tag hinzufügen
Keine Tags, Fügen Sie den ersten Tag hinzu!

MARC

LEADER 00000 a2200000 4500
003 011084
005 20221231143805.0
008 140114s1978 c a m 000 ||s d
040 |c cru CEDI 
090 |a TFG 119-78 
100 |a Bermúdez D, Carlos  |9 17292 
245 |a Proceso de reducción directa de minerales de hierro 
260 |c 1978  |a [San José, Costa Rica] 
300 |a 43 hojas ;ilustraciones 
500 |a Proyecto de Graduación IM-410.--Universidad de Costa Rica. Facultad de Ingeniería Mecánica. Escuela de Ingeniería Mecánica 
700 |9 17293  |a Montero Z, Fernando  
942 |c TFG 
999 |c 12016  |d 12016